Validita merania v sociálnych vedách

Bibliographic Details
Main Author: Martončik, Marcel, 1985- (Author)
Format: Software eBook
Language:Slovak
PhysicalDescription:1 CD-ROM farebný 12 cm
Published: Prešov Prešovská univerzita v Prešove 2019
ISBN:9788055522012
Edition:Vydanie: prvé
Subjects:
Online Access:http://www.pulib.sk/web/kniznica/elpub/dokument/Martoncik1

MARC

LEADER 00000nam a2200000 4500
001 vtls011988404
003 SK-MaSNL
005 20260301225949.0
007 co cg auuua
008 200820s2019 xo | fqp 001 0 slo
015 |a SNBS2020 
020 |a 9788055522012  |q (elektronická kniha) 
040 |a SNK  |b slo  |c SNK  |e rda 
041 0 |a slo 
044 |a xo  |c SK 
072 7 |a 3  |x Spoločenské vedy  |2 konspekt 
080 |a 159.938  |2 2011 
080 |a 303  |2 2011 
080 |a (075.8)  |2 2011 
080 |a (0.034.44)  |2 2011 
100 1 |a Martončik, Marcel,  |d 1985-  |4 aut  |9 363472 
245 1 0 |a Validita merania v sociálnych vedách  |c Marcel Martončik 
250 |a Vydanie: prvé 
264 1 |a Prešov  |b Prešovská univerzita v Prešove  |c 2019 
300 |a 1 CD-ROM  |b farebný  |c 12 cm 
336 |a text  |b txt  |2 rdacontent 
337 |a počítač  |b c  |2 rdamedia 
338 |a počítačový disk  |b cd  |2 rdacarrier 
347 |a textový súbor  |b PDF  |2 rda 
500 |a Nad názvom: Filozofická fakulta Prešovskej univerzity v Prešove 
504 |a Obsahuje bibliografické odkazy; obsahuje vecný register 
536 |a Projekt APVV-15-0404 
650 0 7 |a psychometria  |2 SNKPH  |9 19960 
650 0 7 |a sociálny výskum  |2 SNKPH  |9 69509 
650 0 7 |a Psychometrics  |2 SNKPHeng  |9 312709 
650 0 7 |a Social research  |2 SNKPHeng  |9 339157 
655 7 |a CD-ROM  |2 SNKPH  |9 70236 
655 7 |a učebnice vysokých škôl  |2 SNKPH  |9 70191 
655 7 |a Textbooks (higher)  |2 SNKPHeng  |9 276436 
710 2 |a Prešovská univerzita v Prešove.  |b Filozofická fakulta  |4 pbl  |9 179573 
856 4 1 |u http://www.pulib.sk/web/kniznica/elpub/dokument/Martoncik1 
919 |a 978-80-555-2201-2 
958 |a NB 
999 |c 952967  |d 954897 
952 |a SNK  |b SNK  |y PREZ  |7 0  |p 17A1426153  |o snkSCDM 11234  |i snk2020/14719  |8 0  |0 0  |1 0  |4 0  |d 2020-08-20  |l 0  |r 2026-02-24 09:54:15  |w 2026-02-24